Music Quiz

Random Music or Clickable Quiz

50 Albums to Click: 1988 Quiz Stats

 Plays Quiz not verified by Sporcle

Challenge
Share
Tweet
Embed
Score 0/50 Timer 08:00
0 Plays Today
% Correct
Cheap
93.2%
Trust
93.1%
Straight
91.5%
Rest
91.3%
Justice
91.1%
Rattle
91.1%
Hangin'
88.4%
Hand
88.2%
Son
88.1%
Roll
87.9%
Smile
87.7%
Millions
87.6%
Cruel
87.4%
Forever
86.1%
You
85.5%
Lap
85.2%
Open
84.8%
Chicago
82.7%
Wide
82.4%
Follow
81.5%
Winter
78.5%
Sharp
78.4%
Dark
76.9%
Thunder
76%
Roads
75.3%
% Correct
Alley
74.8%
Living
74.8%
Strikes
71.6%
Order
70.3%
Jersey
70%
Adventures
68.2%
Light
66.5%
Lies
65.5%
Dog
64.8%
Ram
62.7%
Scenes
61.6%
Nation
60.5%
Small
59%
Short
57.1%
Dream
56.1%
Blues
54.2%
Deadly
54%
Copperhead
53.7%
Irish
52.1%
Abbey
51.6%
Heavy
48.7%
Steven
48.1%
Sunshine
41.6%
Groove
33.2%
Low
30.3%

You're not logged in!

Compare scores with friends on all Sporcle quizzes.
Join for Free
OR
Log In

You Might Also Like...

Show Comments

Extras

Top Quizzes Today


Score Distribution

Your Account Isn't Verified!

In order to create a playlist on Sporcle, you need to verify the email address you used during registration. Go to your Sporcle Settings to finish the process.

Report this User

Report this user for behavior that violates our Community Guidelines.

Details: